Missing Word: TV Doctors Quiz Stats

 Plays Quiz Updated Dec 21, 2014

Challenge
Share
Tweet
Embed
Score 0/16 Timer 03:00
0 Plays Today
TV Show Missing Word % Correct
Grey's _____Anatomy
98.5%
_____/TuckNip
92.1%
Dr. Quinn, _____ WomanMedicine
89.2%
General _____Hospital
87.6%
_____ Howser, MDDoogie
86.9%
_____ JackieNurse
82.2%
Diagnosis:_____Murder
79.2%
St. _____Elsewhere
74.5%
TV Show Missing Word % Correct
Northern _____Exposure
69.9%
_____ PracticePrivate
69.1%
_____ HopeChicago
54.4%
The Mob _____Doctor
47.8%
Royal _____Pains
47.4%
The Night _____Shift
40.4%
_____ of DixieHart
40.2%
_____ HospitalChildrens
11.4%

Today's Daily Dose

Missing Word
TV HA - HZ

Word Ladder
Nordic Capital

On This Day
January 19th II

You're not logged in!

Compare scores with friends on all Sporcle quizzes.
OR
Log In

You Might Also Like...

Show Comments

Extras

Top Quizzes Today


Score Distribution

Your Account Isn't Verified!

In order to create a playlist on Sporcle, you need to verify the email address you used during registration. Go to your Sporcle Settings to finish the process.

Report this User

Report this user for behavior that violates our Community Guidelines.

Details: